<?xml version="1.0" encoding="UTF-8"?><?xml-stylesheet type="text/xsl" href="static/style.xsl"?><OAI-PMH xmlns="http://www.openarchives.org/OAI/2.0/" xmlns:xsi="http://www.w3.org/2001/XMLSchema-instance" xsi:schemaLocation="http://www.openarchives.org/OAI/2.0/ http://www.openarchives.org/OAI/2.0/OAI-PMH.xsd"><responseDate>2026-06-05T16:05:54Z</responseDate><request verb="GetRecord" identifier="oai:riuma.uma.es:10630/3142" metadataPrefix="marc">https://riuma.uma.es/rest/oai/request</request><GetRecord><record><header><identifier>oai:riuma.uma.es:10630/3142</identifier><datestamp>2026-02-03T12:48:33Z</datestamp><setSpec>com_10630_27</setSpec><setSpec>com_10630_3139</setSpec><setSpec>com_10630_10</setSpec><setSpec>col_10630_548</setSpec></header><metadata><record xmlns="http://www.loc.gov/MARC21/slim" xmlns:dcterms="http://purl.org/dc/terms/" xmlns:doc="http://www.lyncode.com/xoai" xmlns:xsi="http://www.w3.org/2001/XMLSchema-instance" xsi:schemaLocation="http://www.loc.gov/MARC21/slim http://www.loc.gov/standards/marcxml/schema/MARC21slim.xsd">
   <leader>00925njm 22002777a 4500</leader>
   <datafield ind2=" " ind1=" " tag="042">
      <subfield code="a">dc</subfield>
   </datafield>
   <datafield ind2=" " ind1=" " tag="720">
      <subfield code="a">Díez, B.</subfield>
      <subfield code="e">author</subfield>
   </datafield>
   <datafield ind2=" " ind1=" " tag="720">
      <subfield code="a">Hernández, A.M.</subfield>
      <subfield code="e">author</subfield>
   </datafield>
   <datafield ind2=" " ind1=" " tag="720">
      <subfield code="a">Asensi-Marfil, Alfredo</subfield>
      <subfield code="e">author</subfield>
   </datafield>
   <datafield ind2=" " ind1=" " tag="260">
      <subfield code="c">1975</subfield>
   </datafield>
   <datafield ind2=" " ind1=" " tag="520">
      <subfield code="a">In this work, is described the structure of the vegetation of dunes of the seashore of Marbella (Málaga), and are made several samples of the main plant communities. Those communities are placed in their phytocoenological entities, following a synoptic form. For the first time, are described two new phytosociological associations: Malcolmio-Vulpietum alopecuri and Sporobolo-Centaureetum sphaerocephalae. Is presented a block scheme of the different communities and their structural relationships.</subfield>
   </datafield>
   <datafield ind1="8" ind2=" " tag="024">
      <subfield code="a">Acta Botánica Malacitana, Nº 1&#xd;
, 1975, Págs. 69&#xd;
-80</subfield>
   </datafield>
   <datafield ind1="8" ind2=" " tag="024">
      <subfield code="a">02109506</subfield>
   </datafield>
   <datafield ind1="8" ind2=" " tag="024">
      <subfield code="a">http://hdl.handle.net/10630/3142</subfield>
   </datafield>
   <datafield ind2="0" ind1="0" tag="245">
      <subfield code="a">Estructura de algunas comunidades vegetales de dunas en el litoral de Marbella (Málaga)</subfield>
   </datafield>
</record>
</metadata></record></GetRecord></OAI-PMH>